[Event "III Miedzynarodowy Memorial Ireny Warakomskiej - Open B"]
[Site "Suwalki"]
[Date "2019.08.12"]
[Round "5.6"]
[White "Jeda, Maciej "]
[Black "Hrymowicz, Artur "]
[Result "0-1"]
[WhiteTitle ""]
[BlackTitle ""]
[WhiteElo "1815"]
[BlackElo "2064"]

1. e4 c5 2. Nf3 e6 3. d4 cxd4 4. Nxd4 Nf6 5. Nc3 d6 6. Be3 a6 7. Be2 Be7 8. O-O
O-O 9. a4 Qc7 10. f4 Nc6 11. Nb3 Na5 12. Nd2 Bd7 13. Qe1 Rac8 14. Qf2 Qb8 15.
Ba7 Qa8 16. Bb6 Nc6 17. Nb3 Qb8 18. Rad1 Nb4 19. Bf3 Bc6 20. Rfe1 Rfe8 21. Rd4
d5 22. e5 Ne4 23. Bxe4 dxe4 24. Ba5 e3 25. Rxe3 Nd5 26. Nxd5 Bxd5 27. Bb4 Bd8
28. a5 b6 29. Bd6 Qa8 30. Qe2 b5 31. Qd2 Qa7 32. Bb4 Bxb3 33. cxb3 Rc1+ 34. Qxc1
Qxd4 35. Bd2 Qxf4 36. Qc6 Rf8 37. Qc3 Bg5 38. Re2 Qg4 39. Re1 Bxd2 40. Qxd2 Qh4
41. Rd1 Qe4 42. Qc3 g6 43. h3 Qb7 44. Rd6 Rc8 45. Qd2 Qe4 46. Qg5 Qe1+ 47. Kh2
Qxa5 48. Rd7 Qb4 49. h4 h5 50. Qf6 Rf8 51. Rd6 Qxb3 52. Rxa6 Qc4 53. Rd6 b4 54.
Rd8 Qc5 55. Rd3 Qc7 56. Qf4 Rb8 57. Qg5 b3 58. Qf6 Qc2 59. Rg3 Rf8 60. Qg5 Qxb2
61. Qe3 Rb8 62. Qd3 Qxe5 63. Qb1 b2 64. Kh3 Qf5+ 0-1

[Event "III Miedzynarodowy Memorial Ireny Warakomskiej - Open B"]
[Site "Suwalki"]
[Date "2019.08.12"]
[Round "5.7"]
[White "Szewczyk, Mariusz"]
[Black "Szczygiel, Jakub "]
[Result "1-0"]
[WhiteTitle ""]
[BlackTitle ""]
[WhiteElo "2050"]
[BlackElo "1809"]

1. e4 c5 2. Nf3 g6 3. c3 Bg7 4. d4 cxd4 5. cxd4 d5 6. e5 Bg4 7. Qb3 Qd7 8. Nc3
Bxf3 9. gxf3 Nc6 10. Be3 Rd8 11. h4 h5 12. Bh3 e6 13. Nb5 Bf8 14. O-O-O a6 15.
Nc3 Qc7 16. Kb1 Na5 17. Qc2 Nc4 18. Ka1 b5 19. Rc1 Qb7 20. Ne2 Ne7 21. b3 Nb6
22. Qc7 Qxc7 23. Rxc7 Rd7 24. Rhc1 Kd8 25. R7c2 Nec8 26. Rc6 Be7 27. Nf4 Rb7 28.
Nxd5 Rb8 29. Nf4 Ba3 30. R1c2 Ne7 31. Rc7 Nc4 32. Ra7 Nc6 33. Rxf7 Nb4 34. Re2
Nxe3 35. fxe3 Rc8 36. Nxe6+ Ke8 37. Rc7 Rxc7 38. Nxc7+ Ke7 39. d5 Kd8 40. d6 1-0

[Event "III Miedzynarodowy Memorial Ireny Warakomskiej - Open B"]
[Site "Suwalki"]
[Date "2019.08.12"]
[Round "5.8"]
[White "Kozlowski, Michal"]
[Black "Ocytko, Andrzej"]
[Result "1/2-1/2"]
[WhiteTitle ""]
[BlackTitle ""]
[WhiteElo "1926"]
[BlackElo "2047"]

1. e4 c5 2. Nf3 d6 3. d4 cxd4 4. Nxd4 Nf6 5. f3 a6 6. c4 e6 7. Nc3 Be7 8. Be3 Qc7
9. Be2 b6 10. O-O Bb7 11. Rc1 Nbd7 12. Qd2 O-O 13. Rfd1 Rfe8 14. b3 Rac8 15. Bf2
Bf8 16. Bf1 Qb8 17. Nde2 h6 18. Nf4 Bc6 19. Nd3 Bb7 20. Bg3 Nh5 21. Bf2 Nhf6 22.
Bg3 Nh5 23. Bf2 Nhf6 24. Bg3 Qa8 25. Be2 Nh5 26. Bf2 Nhf6 27. Bg3 Nh5 28. Bf2
Nhf6 29. Bg3 Nh5 1/2-1/2

[Event "III Miedzynarodowy Memorial Ireny Warakomskiej - Open B"]
[Site "Suwalki"]
[Date "2019.08.12"]
[Round "5.9"]
[White "Gryczka, Wlodzimierz "]
[Black "Kalvaitis, Gintautas "]
[Result "1-0"]
[WhiteTitle ""]
[BlackTitle ""]
[WhiteElo "2045"]
[BlackElo "1751"]

1. e4 e5 2. Nf3 Nc6 3. d4 exd4 4. Bc4 d6 5. Nxd4 Bd7 6. Be3 Nf6 7. Nc3 Be7 8. O-O
O-O 9. h3 a6 10. a4 Qe8 11. Qd2 Ne5 12. Ba2 Qc8 13. f4 Nc6 14. Nf3 Nb4 15. Bc4
Bd8 16. e5 dxe5 17. fxe5 Nh5 18. Bc5 Ng3 19. Bxb4 Nxf1 20. Rxf1 Re8 21. Ng5 Bxg5
22. Bxf7+ Kh8 23. Qxg5 c5 24. Bxe8 Qxe8 25. Bxc5 Qe6 26. Qe7 Qxe7 27. Bxe7 Kg8
28. Nd5 Bxa4 29. Nb6 Re8 30. Nxa4 Rxe7 31. Re1 Kf7 32. Nc5 a5 33. e6+ Kf6 34.
Nd7+ Kf5 35. Re5+ Kg6 36. Kf2 h6 37. g4 Kh7 38. h4 Kg6 39. h5+ Kh7 40. Nf8+ Kg8
41. Ng6 Re8 42. Rf5 Rc8 43. c3 a4 44. e7 1-0

[Event "III Miedzynarodowy Memorial Ireny Warakomskiej - Open B"]
[Site "Suwalki"]
[Date "2019.08.12"]
[Round "5.10"]
[White "Staroszczyk, Mateusz "]
[Black "Chojnowski, Marcin "]
[Result "1/2-1/2"]
[WhiteTitle ""]
[BlackTitle ""]
[WhiteElo "1968"]
[BlackElo "2038"]

1. e4 c5 2. Nc3 a6 3. g3 b5 4. Bg2 Bb7 5. Nge2 e6 6. O-O Nf6 7. d3 d6 8. f4 Nbd7
9. h3 h5 10. a3 Qc7 11. Be3 Be7 12. Qd2 O-O 13. f5 b4 14. axb4 cxb4 15. Na4 e5
16. c4 bxc3 17. Nexc3 Nc5 18. Qc2 Rac8 19. Rfc1 Qd8 20. Nxc5 1/2-1/2

[Event "III Miedzynarodowy Memorial Ireny Warakomskiej - Open B"]
[Site "Suwalki"]
[Date "2019.08.12"]
[Round "5.11"]
[White "Mirski, Michal "]
[Black "Wojdak, Jan"]
[Result "0-1"]
[WhiteTitle ""]
[BlackTitle ""]
[WhiteElo "2038"]
[BlackElo "1913"]

1. e4 c5 2. Nf3 Nc6 3. c4 d6 4. Nc3 Nf6 5. Be2 e5 6. d3 Be7 7. Be3 Ng4 8. Bd2 f5
9. Nd5 f4 10. g3 fxg3 11. hxg3 O-O 12. O-O Qe8 13. Nxe7+ Nxe7 14. Nh4 Nf6 15.
f4 exf4 16. gxf4 Ng6 17. Qe1 Bh3 18. Ng2 Bxg2 19. Kxg2 Nxe4 20. dxe4 Qxe4+ 21.
Kg3 Rae8 22. Rf2 Qd4 23. Rd1 Ne7 24. Qh1 Nf5+ 25. Kg2 Rf6 26. Bh5 Ree6 27. Re1
Rg6+ 28. Bxg6 Rxg6+ 29. Kf3 Qd3+ 30. Be3 0-1

[Event "III Miedzynarodowy Memorial Ireny Warakomskiej - Open B"]
[Site "Suwalki"]
[Date "2019.08.12"]
[Round "5.12"]
[White "Sapeta, Robert "]
[Black "Jankowiak, Piotr "]
[Result "0-1"]
[WhiteTitle ""]
[BlackTitle ""]
[WhiteElo "1896"]
[BlackElo "2033"]

1. e4 e5 2. Nf3 Nc6 3. Bb5 a6 4. Ba4 Nf6 5. O-O Be7 6. Re1 b5 7. Bb3 O-O 8. c3
d5 9. exd5 Nxd5 10. Nxe5 Nxe5 11. Rxe5 c6 12. d4 Bd6 13. Re1 Qh4 14. g3 Qh3 15.
Bxd5 cxd5 16. Qf3 Bg4 17. Qxd5 Rae8 18. Be3 Re6 19. Nd2 Rfe8 20. a4 bxa4 21. Nf3
h6 22. Bd2 Re2 23. Rxe2 Rxe2 24. Be1 Rxb2 25. Nd2 Be7 26. Rxa4 Bg5 27. f4 Bxf4
28. gxf4 Qe3+ 29. Bf2 Qxd2 30. Qa8+ Kh7 31. Qe4+ f5 32. Qe1 Qxf4 33. Ra1 Re2 34.
Qf1 Bf3 35. Re1 Qg4+ 36. Bg3 Rg2+ 37. Qxg2 Bxg2 38. Kxg2 f4 0-1

[Event "III Miedzynarodowy Memorial Ireny Warakomskiej - Open B"]
[Site "Suwalki"]
[Date "2019.08.12"]
[Round "5.13"]
[White "Grzesik, Norbert "]
[Black "Paszkowski, Krystian "]
[Result "1-0"]
[WhiteTitle ""]
[BlackTitle ""]
[WhiteElo "2031"]
[BlackElo "1746"]

1. e4 c5 2. Nf3 e6 3. d4 cxd4 4. Nxd4 a6 5. Bd3 Nf6 6. O-O d6 7. c4 Nc6 8. Nxc6
bxc6 9. Nc3 Be7 10. Qf3 e5 11. h3 O-O 12. Be3 Be6 13. Rad1 Rb8 14. b3 Qa5 15.
Bd2 Qc7 16. Bg5 Rfd8 17. Ne2 h6 18. Bxf6 Bxf6 19. Ng3 Bg5 20. Nf5 Bxf5 21. Qxf5
Qa5 22. c5 g6 23. Qf3 d5 24. Qe2 Qxc5 25. exd5 cxd5 26. Qxe5 Qd6 27. Qxd6 Rxd6
28. Rfe1 a5 29. Bc4 Rbd8 30. Bb5 d4 31. Rd3 Kf8 32. a4 Rc8 33. Bc4 Re8 34. Kf1
Rxe1+ 35. Kxe1 Bc1 36. Rf3 f5 37. h4 Rf6 38. Kd1 Bb2 39. g4 Kg7 40. g5 hxg5 41.
hxg5 Rf8 42. Rh3 Rh8 43. Rxh8 Kxh8 44. b4 axb4 45. Kc2 Bc3 46. Bb3 Be1 47. f3
d3+ 48. Kxd3 Bf2 49. a5 Kg7 50. a6 Kf8 51. Kc4 Ke7 52. Kxb4 Kd6 53. Bf7 Ke5 54.
Bxg6 Kf4 55. Bxf5 Kxf5 56. f4 Ke6 57. g6 Kf6 58. f5 1-0

[Event "III Miedzynarodowy Memorial Ireny Warakomskiej - Open B"]
[Site "Suwalki"]
[Date "2019.08.12"]
[Round "5.14"]
[White "Weintraub, Amit"]
[Black "Liberadzki, Slawomir "]
[Result "1/2-1/2"]
[WhiteTitle ""]
[BlackTitle ""]
[WhiteElo "1876"]
[BlackElo "2030"]

1. d4 d5 2. c4 e6 3. Nc3 Nf6 4. cxd5 exd5 5. Bg5 Be7 6. Qc2 O-O 7. e3 h6 8. Bh4
c6 9. Bd3 Re8 10. Nge2 Ne4 11. Bxe7 Qxe7 12. Bxe4 dxe4 13. Ng3 f5 14. O-O Na6
15. a3 Be6 16. Rfd1 Nc7 17. Na4 Rad8 18. Nc5 Bc8 19. Qa4 a6 20. Ne2 Qf7 21. Qb3
Qxb3 22. Nxb3 Kf7 23. Na5 Nd5 24. Nc4 Kf6 25. Nc3 g5 26. Nxd5+ Rxd5 27. a4 Be6
28. Rdc1 Rdd8 29. Nb6 Bd5 30. a5 Ke6 31. Na4 Kd6 32. Nc5 Kc7 33. Ra4 Kc8 34. Rb4
Re7 35. Kf1 Rf8 1/2-1/2

[Event "III Miedzynarodowy Memorial Ireny Warakomskiej - Open B"]
[Site "Suwalki"]
[Date "2019.08.12"]
[Round "5.15"]
[White "Czernecki, Andrzej "]
[Black "Rak, Tomasz"]
[Result "0-1"]
[WhiteTitle ""]
[BlackTitle ""]
[WhiteElo "1580"]
[BlackElo "2022"]

1. e4 c5 2. Nf3 Nc6 3. d4 cxd4 4. Nxd4 g6 5. c4 Bg7 6. Be3 Nf6 7. Nc3 O-O 8. Be2
Ne8 9. O-O Nc7 10. Rb1 e5 11. Ndb5 Ne6 12. Nd5 f5 13. f3 f4 14. Bf2 b6 15. b4
Ba6 16. Na3 Ncd4 17. Nc2 d6 18. Nxd4 exd4 19. Qa4 Bc8 20. Rfd1 Be5 21. Rd3 Rf7
22. Bf1 g5 23. g3 h5 24. Bh3 fxg3 25. hxg3 g4 26. Bg2 gxf3 27. Rxf3 Rxf3 28. Bxf3
Ng5 29. Bxh5 Nxe4 30. Qe8+ Qxe8 31. Bxe8 Nxg3 32. Bxg3 Bxg3 33. Bc6 Rb8 34. Ne7+
Kf7 35. Nxc8 Rxc8 36. Bd5+ Kf6 37. Rf1+ Ke5 38. Rf3 Bf4 39. Kf1 b5 40. cxb5 Rc1+
41. Ke2 Rc2+ 42. Kd1 Rd2+ 43. Ke1 Kxd5 44. Rxf4 Rxa2 45. Rf5+ Kc4 46. Rf6 d5 47.
b6 axb6 48. Rxb6 Rb2 49. Rc6+ Kd3 50. Rd6 Rb1+ 51. Kf2 Rxb4 52. Rxd5 Kd2 53. Rd8
d3 54. Rc8 Rf4+ 55. Kg3 Rf7 56. Kg2 Kd1 57. Rd8 d2 58. Rc8 Rf5 59. Ra8 Ke2 60.
Re8+ Kd3 61. Rd8+ Ke3 62. Re8+ Kd4 0-1

[Event "III Miedzynarodowy Memorial Ireny Warakomskiej - Open B"]
[Site "Suwalki"]
[Date "2019.08.12"]
[Round "5.16"]
[White "Sentowski, Sebastian "]
[Black "Mazalon, Mariusz "]
[Result "0-1"]
[WhiteTitle ""]
[BlackTitle ""]
[WhiteElo "1742"]
[BlackElo "2012"]

1. d4 c5 2. e3 Nf6 3. Nf3 g6 4. c4 Bg7 5. Be2 O-O 6. O-O cxd4 7. exd4 d5 8. b3
Nc6 9. Bb2 b6 10. Ne5 Bb7 11. f4 e6 12. Nd2 Rc8 13. Ndf3 dxc4 14. bxc4 Ne4 15.
Qd3 Ne7 16. Qa3 Qc7 17. Rac1 f6 18. Nd3 Rfd8 19. Nf2 Nxf2 20. Kxf2 Nf5 21. Bd3
Qxf4 22. Bxf5 gxf5 23. Qe7 Bxf3 24. Qxe6+ Kh8 25. Kg1 Qe4 26. Rfe1 Qxe6 27. Rxe6
Be4 28. d5 Bd3 29. d6 Rd7 30. c5 bxc5 31. Ba3 c4 32. Rce1 Kg8 33. Re7 Rcd8 34.
Bb4 Bf8 35. Re8 Rxe8 36. Rxe8 Kf7 37. Ra8 Bxd6 38. Bxd6 Rxd6 39. Rxa7+ Ke6 40.
Kf2 f4 41. g3 Ke5 42. gxf4+ Kd4 43. Ra3 Re6 44. Ra7 Re2+ 45. Kf3 Rxh2 46. a4 Be4+
47. Kg3 Rg2+ 48. Kh3 Ra2 49. a5 c3 50. Rd7+ Bd5 0-1

[Event "III Miedzynarodowy Memorial Ireny Warakomskiej - Open B"]
[Site "Suwalki"]
[Date "2019.08.12"]
[Round "5.17"]
[White "Lada, Michal "]
[Black "Karolczuk, Iwo "]
[Result "0-1"]
[WhiteTitle ""]
[BlackTitle ""]
[WhiteElo "1928"]
[BlackElo "1987"]

1. d4 Nf6 2. c4 e6 3. Nc3 Bb4 4. Bd2 O-O 5. e3 d5 6. Nf3 b6 7. Be2 Bb7 8. b3 Nbd7
9. O-O a6 10. Nxd5 Nxd5 11. cxd5 Bd6 12. e4 exd5 13. e5 Be7 14. Bd3 Re8 15. Re1
Nf8 16. Qc2 Rc8 17. Bf5 Ra8 18. b4 g6 19. Bd3 Ne6 20. Rab1 Qd7 21. b5 axb5 22.
Bxb5 c6 23. Bd3 Bd8 24. Qb2 Ba6 25. Bxa6 Rxa6 26. Be3 Be7 27. h4 h5 28. Bg5 Bf8
29. Bf6 c5 30. Qd2 Rc8 31. dxc5 bxc5 32. Ng5 Nxg5 33. Qxg5 d4 34. Rbd1 Qe6 35.
Rd3 Kh7 36. a3 Rc7 37. Qd2 Rb7 38. Qc2 Rab6 39. Ra1 Rb2 40. Qd1 Bh6 41. a4 Qf5
42. Qf3 Qxf3 43. gxf3 Bd2 44. a5 Rb1+ 45. Rxb1 Rxb1+ 46. Kg2 Bxa5 47. Ra3 Rb5
48. f4 c4 49. e6 fxe6 50. Bxd4 Rd5 51. Be5 Rc5 52. Bd4 Rb5 53. Be5 Kg8 54. Kf1
Kf7 55. Ke2 Ke7 56. Rg3 Kf7 57. Ra3 Rd5 58. Kf1 Rc5 59. Ke2 c3 60. Ra1 c2 61.
Rc1 Bd8 62. Bd4 Rc6 63. Kd3 Bxh4 64. Rxc2 Rxc2 65. Kxc2 Bf6 66. Ba7 h4 67. f3
h3 68. Bg1 Bh4 69. Bh2 Kf6 70. Kd3 Kf5 71. Ke2 Bd8 72. Kf1 Bc7 73. Bg3 Bxf4 74.
Bf2 Ke5 75. Bb6 Kd5 76. Kf2 Kc4 77. Ba5 Kd3 78. Bd8 h2 79. Kg2 Ke2 80. Ba5 h1=Q+
81. Kxh1 Kxf3 82. Kg1 Ke2 83. Kg2 g5 84. Bb4 e5 85. Bc5 e4 86. Bb4 e3 87. Ba5
Kd1 88. Kf1 e2+ 89. Kf2 Bd2 0-1

[Event "III Miedzynarodowy Memorial Ireny Warakomskiej - Open B"]
[Site "Suwalki"]
[Date "2019.08.12"]
[Round "5.18"]
[White "Slabek, Grzegorz "]
[Black "Sivickis, Wiktoria "]
[Result "1-0"]
[WhiteTitle ""]
[BlackTitle ""]
[WhiteElo "1982"]
[BlackElo "1793"]

1. Nf3 Nf6 2. e3 e6 3. Be2 Be7 4. O-O O-O 5. b3 c5 6. Bb2 Nc6 7. d4 d5 8. Nbd2
cxd4 9. Nxd4 Nxd4 10. Bxd4 b6 11. c4 Bb7 12. Bf3 Rc8 13. Rc1 Ba6 14. Be2 Bb7 15.
cxd5 Nxd5 16. Rxc8 Qxc8 17. Qa1 Qc2 18. Rd1 Bb4 19. Qb1 Qxb1 20. Nxb1 Rc8 21.
Bd3 g6 22. Kf1 Bc3 23. Nxc3 Nxc3 24. Rd2 Kf8 25. f3 Nd5 26. Kf2 Ke7 27. e4 Nb4
28. Bc4 Nc6 29. Be3 Na5 30. Be2 Nc6 31. g4 Nb4 32. e5 Nd5 33. Bg5+ Kd7 34. h4
Bc6 35. a3 Kc7 36. Ba6 Bb7 37. Rc2+ Kb8 38. Rxc8+ Kxc8 39. Bb5 Nc7 40. Bd3 Bc6
41. h5 Nb5 42. f4 Nd4 43. b4 Ba4 44. h6 Bc2 45. Ba6+ Kc7 46. Ke3 Nc6 47. Be2 a5
48. bxa5 bxa5 49. Bh4 Kb6 50. Bf2 Bb1 51. Kf3+ Kc7 52. Bc5 Kb7 53. Kg3 g5 54.
Bf3 gxf4+ 55. Kxf4 Bg6 56. Kg5 Kc7 57. Kf6 Nd8 58. Be3 Kd7 59. Bd2 Nc6 60. Bd1
Kc7 61. Bc3 Kd7 62. Ba4 Kc7 63. g5 Kb6 64. Bxa5+ Nxa5 65. Be8 Nc4 66. Bxf7 Nxe5
67. Bxg6 Nxg6 68. Kxe6 1-0

[Event "III Miedzynarodowy Memorial Ireny Warakomskiej - Open B"]
[Site "Suwalki"]
[Date "2019.08.12"]
[Round "5.19"]
[White "Kutowski, Marcel "]
[Black "Wierzbicki, Michal "]
[Result "0-1"]
[WhiteTitle ""]
[BlackTitle ""]
[WhiteElo "1773"]
[BlackElo "1978"]

1. e4 e6 2. d4 d5 3. e5 c5 4. c3 Nc6 5. Nf3 Bd7 6. Be2 f6 7. O-O fxe5 8. Nxe5 Nxe5
9. dxe5 Qc7 10. c4 d4 11. Bf4 Ne7 12. Bd3 O-O-O 13. Nd2 Bc6 14. Re1 Ng6 15. Bg3
Qf7 16. Qg4 Ne7 17. Ne4 Bxe4 18. Bxe4 h5 19. Qf4 Qxf4 20. Bxf4 Nf5 21. Bxf5 exf5
22. Bg5 Re8 23. Re2 Kd7 24. a3 Ke6 25. b4 Be7 26. Bxe7 Rxe7 27. Rd1 Rd7 28. Rd3
cxb4 29. axb4 Rc8 30. c5 b6 31. f4 bxc5 32. bxc5 Rxc5 33. Ra2 Kd5 34. g3 Ke4 35.
Rad2 a5 36. e6 Rd6 37. e7 Rc8 38. Ra3 Re8 39. Rd1 Rd7 40. Re1+ Kd5 41. Rxa5+ Kc4
42. Rxf5 d3 43. Rc1+ Kd4 44. Kf2 d2 45. Ra1 Rdxe7 46. Ra4+ Kc3 47. Rc5+ Kb3 0-1

[Event "III Miedzynarodowy Memorial Ireny Warakomskiej - Open B"]
[Site "Suwalki"]
[Date "2019.08.12"]
[Round "5.20"]
[White "Pytel, Maciej"]
[Black "Milanowski, Jan"]
[Result "1-0"]
[WhiteTitle ""]
[BlackTitle ""]
[WhiteElo "1977"]
[BlackElo "1857"]

1. e4 d6 2. d4 c6 3. Bd3 e5 4. Ne2 Be6 5. O-O f6 6. f4 Nd7 7. c3 Qc7 8. Be3 Ne7
9. Na3 a6 10. c4 Nc8 11. Rc1 Be7 12. Qe1 O-O 13. f5 Bf7 14. d5 c5 15. Rf3 Kh8
16. Rh3 Bg8 17. Kh1 Rf7 18. Ng1 Nf8 19. Nf3 g5 20. fxg6 Nxg6 21. Qg3 Nf8 22. Bh6
Bd8 23. Nh4 Ne7 24. Nc2 Nfg6 25. Ne3 Qd7 26. Nef5 Nxf5 27. Nxf5 Ba5 28. Qxg6 1-0

[Event "III Miedzynarodowy Memorial Ireny Warakomskiej - Open B"]
[Site "Suwalki"]
[Date "2019.08.12"]
[Round "5.21"]
[White "Kacprzak, Kacper "]
[Black "Litner, Igor "]
[Result "1/2-1/2"]
[WhiteTitle ""]
[BlackTitle ""]
[WhiteElo "1856"]
[BlackElo "1974"]

1. e4 c6 2. d4 d5 3. e5 Bf5 4. g4 Bg6 5. e6 fxe6 6. Nf3 Be4 7. Nc3 Bxf3 8. Qxf3
e5 9. dxe5 e6 10. Bd3 Nd7 11. Bf4 Bb4 12. O-O Ne7 13. Ne2 Bc5 14. Qh3 Qc7 15.
g5 Nf8 16. c3 O-O-O 17. a4 Qd7 18. Be3 Bxe3 19. Qxe3 Kb8 20. b4 Nf5 21. Bxf5 exf5
22. Nd4 Re8 23. Rfe1 h6 24. b5 f4 25. Qxf4 hxg5 26. e6+ gxf4 27. exd7 Nxd7 28.
bxc6 bxc6 29. Nxc6+ Kb7 30. Ne7 1/2-1/2

[Event "III Miedzynarodowy Memorial Ireny Warakomskiej - Open B"]
[Site "Suwalki"]
[Date "2019.08.12"]
[Round "5.22"]
[White "Kacprzak, Karol"]
[Black "Furtak, Joanna "]
[Result "1/2-1/2"]
[WhiteTitle ""]
[BlackTitle ""]
[WhiteElo "1973"]
[BlackElo "1893"]

1. e4 c5 2. Nf3 e6 3. d4 cxd4 4. Nxd4 Nc6 5. Nc3 Qc7 6. Be3 a6 7. a3 b5 8. g3 Bb7
9. Bg2 Nf6 10. O-O Be7 11. Nb3 d6 12. f4 Rc8 13. Qe2 O-O 14. Rae1 Rfe8 15. g4
Nd7 16. Qf2 Bf8 17. g5 b4 18. axb4 Nxb4 19. Bh3 d5 20. f5 e5 21. f6 g6 22. exd5
Nxd5 23. Nxd5 Bxd5 24. Rd1 Be6 25. Bxe6 Rxe6 26. h4 Nb6 27. c3 Nc4 28. Rd5 Qb7
29. Rc5 Nxe3 30. Rxc8 Qxc8 31. Qxe3 Qc4 32. Nd2 Qg4+ 33. Kh2 Qxh4+ 34. Kg2 Qg4+
35. Kh1 e4 36. Re1 Qh4+ 37. Kg2 Bd6 1/2-1/2

[Event "III Miedzynarodowy Memorial Ireny Warakomskiej - Open B"]
[Site "Suwalki"]
[Date "2019.08.12"]
[Round "5.23"]
[White "Rosol, Alexander "]
[Black "Szczotka, Klara"]
[Result "1-0"]
[WhiteTitle ""]
[BlackTitle ""]
[WhiteElo "1968"]
[BlackElo "1732"]

1. e4 c5 2. Nf3 e6 3. d4 cxd4 4. Nxd4 Nf6 5. Nc3 Qc7 6. Be3 a6 7. Be2 Bb4 8. O-O
Bxc3 9. bxc3 Nxe4 10. Bd3 Nxc3 11. Qg4 Kf8 12. f4 Nd5 13. Rae1 Nxe3 14. Rxe3 Qc5
15. f5 e5 16. f6 g6 17. Rfe1 d6 18. Qh4 Qc7 19. Qh6+ Ke8 20. Qg7 Rf8 21. Qxh7
Qd7 22. Qg7 Qg4 23. Re4 Qh5 24. Bc4 Bd7 25. g3 Bg4 26. Be2 Bxe2 27. R1xe2 Qh8
28. Ne6 Qxg7 29. Nc7+ Kd7 30. fxg7 Rg8 31. Nxa8 Kc6 32. Rc4+ Kb5 33. Rc7 Rxg7
34. Rxb7+ Kc6 35. Rxb8 f5 36. Rb6+ Kc5 37. Rxa6 Rb7 38. Rd2 Rb1+ 39. Kg2 Rb2 40.
Raxd6 Rxa2 41. Nc7 e4 42. Ne6+ Kc4 43. Rc6+ Kb5 44. c4+ Kxc6 45. Rxa2 Kd6 46.
Rd2+ Kc6 47. Kf2 g5 48. Nxg5 Kc5 49. h4 Kxc4 50. h5 Kc3 51. Rd7 f4 52. gxf4 e3+
53. Kxe3 Kc4 54. h6 Kc5 55. h7 Kc6 56. Rd1 Kc7 57. h8=Q Kc6 58. Qc8+ Kb6 59. Rb1+
Ka7 60. Qb7# 1-0

[Event "III Miedzynarodowy Memorial Ireny Warakomskiej - Open B"]
[Site "Suwalki"]
[Date "2019.08.12"]
[Round "5.24"]
[White "Duda, Lukasz "]
[Black "Skurniak, Szymon "]
[Result "0-1"]
[WhiteTitle ""]
[BlackTitle ""]
[WhiteElo "1847"]
[BlackElo "1962"]

1. e4 c5 2. c3 d5 3. exd5 Qxd5 4. d4 Nc6 5. Nf3 Bf5 6. Be3 Nf6 7. Be2 Bxb1 8. Rxb1
cxd4 9. Nxd4 e5 10. Nb5 O-O-O 11. Qxd5 Nxd5 12. Nxa7+ Nxa7 13. Bxa7 b6 14. c4
Kb7 15. Bf3 e4 16. Bxe4 Re8 17. O-O Rxe4 18. cxd5 Kxa7 19. Rbc1 Bc5 20. a3 Rd4
21. b4 Bd6 22. Rcd1 Rxd1 23. Rxd1 Rc8 24. g3 Kb7 25. Rd3 Rc1+ 26. Kg2 Kc7 27.
Rf3 f6 28. Re3 Kd7 29. f4 Rc2+ 30. Kf3 Rxh2 31. Rc3 Rd2 32. Ke4 b5 33. g4 Rf2
34. f5 Rf4+ 35. Ke3 Rxg4 36. Rc6 Rg3+ 37. Kd4 Rxa3 38. Rb6 Kc7 39. Rc6+ Kd7 40.
Rb6 Rb3 41. Rb7+ Kc8 42. Rxg7 Rxb4+ 43. Kd3 Rf4 44. Rxh7 Be5 45. Rh5 Rd4+ 0-1

[Event "III Miedzynarodowy Memorial Ireny Warakomskiej - Open B"]
[Site "Suwalki"]
[Date "2019.08.12"]
[Round "5.25"]
[White "Koloczek, Maciej "]
[Black "Paprocki, Antoni "]
[Result "1/2-1/2"]
[WhiteTitle ""]
[BlackTitle ""]
[WhiteElo "1958"]
[BlackElo "1752"]

1. e4 c5 2. Nf3 d6 3. d4 cxd4 4. Nxd4 Nf6 5. Nc3 a6 6. Bg5 e6 7. f4 h6 8. Bh4 Qb6
9. a3 Nbd7 10. Bf2 Qc7 11. Qf3 Be7 12. O-O-O b5 13. g4 Bb7 14. Bg2 g5 15. h4 gxf4
16. g5 Ne5 17. Qe2 Nfd7 18. Qh5 O-O-O 19. g6 fxg6 20. Qe2 Nf8 21. Bh3 Qc4 22.
Qxc4+ bxc4 23. Bxe6+ Kb8 24. Bd5 Rh7 25. Bxb7 Kxb7 26. Nd5 Rf7 27. Rdg1 Rc8 28.
h5 Bg5 29. hxg6 Nfxg6 30. Nf5 Rd8 31. Nxh6 Bxh6 32. Rxh6 Nf8 33. Rg8 f3 34. Kd1
Kc6 35. Ne3 Rb8 36. Nf5 Rd8 37. Bg3 Kc7 38. Ke1 Nfd7 39. Rxd8 Kxd8 40. Rxd6 Ng4
41. Rxa6 Nc5 42. Ra8+ Kd7 43. Ra7+ Ke6 44. Nd4+ Kf6 45. e5+ Kg6 46. Rxf7 Kxf7
47. Nxf3 Ke6 48. Ke2 Ne4 49. Bf4 Kf5 50. Bd2 Ng3+ 51. Kd1 Nxe5 52. Nxe5 Kxe5 53.
Bc3+ Kd5 54. b3 Ne4 55. Bb4 Nf6 56. Kd2 Nd7 57. Kc3 Nb6 58. Ba5 cxb3 59. cxb3
Na4+ 60. Kc2 Nc5 61. b4 Kc4 62. Bd8 Nb7 63. Be7 Kb5 64. Kb3 Na5+ 65. Kc3 Nc6 66.
Bd6 Na5 67. Bc7 Nc6 68. Kd3 Nxb4+ 69. axb4 Kxb4 1/2-1/2

[Event "III Miedzynarodowy Memorial Ireny Warakomskiej - Open B"]
[Site "Suwalki"]
[Date "2019.08.12"]
[Round "5.26"]
[White "Szczygiel, Konrad"]
[Black "Bartoszewicz, Marcin "]
[Result "1-0"]
[WhiteTitle ""]
[BlackTitle ""]
[WhiteElo "1896"]
[BlackElo "1950"]

1. d4 Nf6 2. c4 g6 3. Nc3 Bg7 4. e4 d6 5. f4 O-O 6. Nf3 c5 7. d5 e6 8. Be2 exd5
9. cxd5 Re8 10. e5 dxe5 11. fxe5 Nfd7 12. e6 Ne5 13. exf7+ Nxf7 14. O-O Bf5 15.
Bf4 Nd7 16. d6 Be4 17. Bc4 Bxc3 18. bxc3 Kg7 19. Bxf7 Kxf7 20. Qb3+ Kg7 21. Ng5
1-0

[Event "III Miedzynarodowy Memorial Ireny Warakomskiej - Open B"]
[Site "Suwalki"]
[Date "2019.08.12"]
[Round "5.27"]
[White "Laskowski, Filip "]
[Black "Kulesza, Andrzej "]
[Result "1-0"]
[WhiteTitle ""]
[BlackTitle ""]
[WhiteElo "1842"]
[BlackElo "1940"]

1. c4 Nf6 2. g3 g6 3. Bg2 Bg7 4. Nc3 c5 5. Nf3 d6 6. O-O O-O 7. Rb1 Nc6 8. a3 b6
9. b4 Bb7 10. d3 Nd4 11. Ne1 Qd7 12. e3 Bxg2 13. Nxg2 Ne6 14. Nd5 Nxd5 15. cxd5
Nc7 16. e4 e6 17. dxe6 Nxe6 18. Ne3 Nd4 19. Bb2 f5 20. Nc2 f4 21. Nxd4 Bxd4 22.
Bxd4 f3 23. Kh1 cxd4 24. Qb3+ Rf7 25. Rbc1 Re8 26. Qc4 Qh3 27. Rg1 b5 28. Qc6
Rd7 29. g4 Ree7 30. Qd5+ Kg7 31. Rg3 Qh4 32. Rc8 Kh6 33. Qxd4 Rf7 34. Rg8 Rc7
35. Qe3+ g5 36. Qxg5+ Qxg5 37. Rh3+ Qh4 38. Rxh4# 1-0

[Event "III Miedzynarodowy Memorial Ireny Warakomskiej - Open B"]
[Site "Suwalki"]
[Date "2019.08.12"]
[Round "5.28"]
[White "Goraj, Barbara "]
[Black "Tarkowski, Michal"]
[Result "1-0"]
[WhiteTitle ""]
[BlackTitle ""]
[WhiteElo "1800"]
[BlackElo "1934"]

1. e4 Nf6 2. e5 Nd5 3. d4 d6 4. c4 Nb6 5. exd6 cxd6 6. Nc3 g6 7. Bg5 Bg7 8. Rc1
Nc6 9. Nf3 Bg4 10. d5 Ne5 11. Be2 Bxf3 12. gxf3 Rc8 13. b3 Qd7 14. Be3 Qh3 15.
f4 Qg2 16. Rf1 Ned7 17. Bf3 Qh3 18. Ne4 h5 19. Qe2 O-O 20. Rg1 Nf6 21. Rg3 Qf5
22. Rg5 Qd7 23. Kd2 e6 24. Bd4 Nxe4+ 25. Bxe4 Bxd4 26. Bxg6 fxg6 27. Rxg6+ Bg7
28. Rcg1 exd5 29. Rxg7+ Qxg7 30. Rxg7+ Kxg7 31. Qe7+ Kh8 32. cxd5 Nxd5 33. Qxb7
Nxf4 34. Qxa7 Kg8 35. Qd4 d5 36. a4 Ne6 37. Qb6 Kf7 38. Qa7+ Rc7 39. Qe3 Rfc8
40. Qe5 Rc2+ 41. Ke1 d4 42. Qxh5+ Kf6 43. Qh6+ Ke5 44. Qh5+ Kd6 45. Qg6 R8c3 46.
Kf1 d3 47. Qg3+ Kd7 48. Qe5 Rc5 49. Qe4 d2 50. Ke2 d1=Q+ 51. Kxd1 Rc1+ 52. Kd2
R5c2+ 1-0

[Event "III Miedzynarodowy Memorial Ireny Warakomskiej - Open B"]
[Site "Suwalki"]
[Date "2019.08.12"]
[Round "5.29"]
[White "Szalko, Maciej "]
[Black "Kaliszuk, Kamil"]
[Result "1-0"]
[WhiteTitle ""]
[BlackTitle ""]
[WhiteElo "1931"]
[BlackElo "1853"]

1. d4 Nf6 2. c4 c6 3. Nf3 d5 4. g3 Bf5 5. Bg2 e6 6. O-O Nbd7 7. b3 Bd6 8. Nc3 h6
9. Bb2 O-O 10. e3 Qe7 11. Qe2 Rfe8 12. Rfd1 Rad8 13. Rac1 a5 14. Nd2 Bg6 15. h3
e5 16. dxe5 Bxe5 17. cxd5 cxd5 18. Nf3 Be4 19. Nxe5 Nxe5 20. Qb5 Qb4 21. Bxe4
dxe4 22. Rxd8 Nf3+ 23. Kg2 Rxd8 24. Qxb4 axb4 25. Nxe4 Nxe4 26. Kxf3 Rd2 27. Kxe4
Rxb2 28. f4 Rxa2 29. Rc4 Ra6 30. Rxb4 Re6+ 31. Kd4 Rd6+ 32. Ke4 Re6+ 33. Kd3 Re7
34. e4 Kf8 35. h4 Ke8 36. Rd4 Rc7 37. e5 Ke7 38. Rc4 Rd7+ 39. Kc3 Ke6 40. Kb4
h5 41. Rc3 g6 42. Kb5 Rd5+ 43. Kb6 Rd7 44. b4 Rd5 45. Rb3 Rd7 46. b5 Kf5 47. Rc3
Kg4 48. Ka7 Kf5 49. b6 Ke6 50. Kb8 Kf5 51. Kc8 Ke6 52. Rc4 Rd3 53. Kxb7 Kd7 54.
Rc7+ Kd8 55. Rxf7 Rxg3 56. Kc6 Rc3+ 57. Kd6 Ke8 58. Rh7 g5 59. hxg5 Rd3+ 60. Ke6
1-0